| 000 | 00778nam a22002177a 4500 | ||
|---|---|---|---|
| 003 | DO-SdBNP | ||
| 005 | 20221101140131.0 | ||
| 007 | ta | ||
| 008 | 221101b2022 dr ||||| |||| 00| 0 spa d | ||
| 020 | _a9789945930931 | ||
| 040 |
_aDO-SdBNP _bspa _cBNPHU |
||
| 082 | 4 | _222 | |
| 100 |
_980785 _aUreña Bravo, Carlos, _d1957- |
||
| 245 | 1 | 0 |
_aRedundancias de tiempos, cuentos y contradicciones : _bcuentos / _cCarlos Ureña |
| 260 |
_aSanto Domingo : _bRio de Oro, _c2022.................................................................................................................................. |
||
| 300 |
_a69 p. ; _c22 cm. |
||
| 500 | _aIncluye datos biográficos del autor en las solapas | ||
| 590 | _aInventariado, 2022/BT | ||
| 910 | _aBtavárez | ||
| 942 |
_2ddc _cLBS1 |
||
| 999 |
_c52712 _d52712 |
||